Normal view
MARC view
Entry Personal Name
001 - CONTROL NUMBER
- control field: 14808
003 - CONTROL NUMBER IDENTIFIER
- control field: ARRUPE
005 - DATE AND TIME OF LATEST TRANSACTION
- control field: 20150129170233.0
008 - FIXED-LENGTH DATA ELEMENTS
- fixed length control field: 150129|| aca||aabn | a|a d
040 ## - CATALOGING SOURCE
- Original cataloging agency: ARRUPE
- Transcribing agency: ARRUPE
100 ## - HEADING--PERSONAL NAME
- Personal name: Benson, Herbert,
- Dates associated with a name: 1935-
670 ## - SOURCE DATA FOUND
- Source citation: Work cat.: (ARRUPE)0: Benson, Herbert, 1935-, Timeless healing :, 1997.